Теоретические основы химии процессов переработки нефти и нефтехимического синтеза. Ч. 1: Теория строения органических соединений (Запись № 6729859)

Подробности
000 -МАРКЕР
контрольное поле 01580nam2a22002411 4500
001 - ИДЕНТИФИКАТОР ЗАПИСИ
контрольное поле rc\1030236
005 - ИДЕНТИФИКАТОР ВЕРСИИ
контрольное поле 20250622104714.0
035 ## - ДРУГИЕ СИСТЕМНЫЕ НОМЕРА
Идентификатор записи (NLR Aleph) 006248437
100 ## - ДАННЫЕ ОБЩЕЙ ОБРАБОТКИ
Данные общей обработки 20041129d1981 |||y0rusy50 ca
101 0# - ЯЗЫК РЕСУРСА
Язык текста, звукозаписи и т.д. русский
102 ## - СТРАНА ПУБЛИКАЦИИ ИЛИ ПРОИЗВОДСТВА
Страна публикации Российская Федерация
105 ## - ПОЛЕ КОДИРОВАННЫХ ДАННЫХ: ТЕКСТОВЫЕ МАТЕРИАЛЫ, МОНОГРАФИЧЕСКИЕ
Кодированные данные о монографическом текстовом документе a |||||||||
200 1# - ЗАГЛАВИЕ И СВЕДЕНИЯ ОБ ОТВЕТСТВЕННОСТИ
Основное заглавие Теория строения органических соединений
210 ## - ПУБЛИКАЦИЯ, РАСПРОСТРАНЕНИЕ И ДР.
Дата издания, распространения и т.д. 1981 (вып. дан. 1982)
Место издания, распространения и т.д. Б. м.
215 ## - ФИЗИЧЕСКАЯ ХАРАКТЕРИСТИКА
Специфическое обозначение материала и объем 52 с.
Другие сведения о физической характеристике ил.
320 ## - ПРИМЕЧАНИЯ О НАЛИЧИИ В ДОКУМЕНТЕ БИБЛИОГРАФИИ / УКАЗАТЕЛЯ
Текст примечания Библиогр.: с. 51
461 #0 - УРОВЕНЬ НАБОРА
Встроенное поле 001rc\1030235
-- 2001#$aТеоретические основы химии процессов переработки нефти и нефтехимического синтеза$e(Метод. разраб.)$fМ-во нефтеперераб. и нефтехим. пром-сти СССР, Ин-т повышения квалификации руководящих работников и специалистов, ИПКНефтехим$g[Сост. Серебрякова Т.В.]$vЧ. 1
Системный номер (АБИС) связанной записи 6729851
Место публикации М.
Дата публикации 1981
Первые сведения об ответственности М-во нефтеперераб. и нефтехим. пром-сти СССР, Ин-т повышения квалификации руководящих работников и специалистов, ИПКНефтехим
Имя издателя, распространителя и т.д. Б. и.
Сведения, относящиеся к заглавию (Метод. разраб.)
Заглавие Теоретические основы химии процессов переработки нефти и нефтехимического синтеза
Номер тома Ч. 1
801 #0 - ИСТОЧНИК ЗАПИСИ
Страна Российская Федерация
Организация NLR
Правила каталогизации psbo
801 #1 - ИСТОЧНИК ЗАПИСИ
Страна Российская Федерация
Организация ELAR
Источник данных rusmarc
852 ## - МЕСТОНАХОЖДЕНИЕ И ШИФР ХРАНЕНИЯ
Идентификатор организации NLR
Шифр хранения (Call Number) 82-4/31820
942 ## - ДОПОЛНИТЕЛЬНЫЕ ЭЛЕМЕНТЫ ЗАПИСИ (АБИС)
Тип экземпляра АБИС Книга
980 ## - КОЛЛЕКЦИЯ
Название коллекции Национальная библиография
Экземпляры
Тип экземпляра Дата поступления Библиотека постоянного хранения Библиотека текущего хранения Место хранения Шифр хранения Штрих-код Статус экземпляра
Книга 26.10.2013 РНБ (Московский) РНБ (Московский) Русский книжный фонд: издания с 1957 года 82-4/31820 6248437-10